| 000 -ლიდერი |
| ფიქსირებული სიგრძის საკონტროლო ველი |
00986nam a22001697a 4500 |
| 003 - საკონტროლო ნომრის იდენტიფიკატორი |
| საკონტროლო ველი |
Ge_BSU |
| 005 - ბოლო ოპერაციის თარიღი და დრო |
| საკონტროლო ველი |
20230227145517.0 |
| 008 - ფიქსირებული სიგრძის მონაცემთა ელემენტები - ზოგადი ინფორმაცია |
| ფიქსირებული სიგრძის საკონტროლო ველი |
230227s2001 ge ||||| |||| 00| 0 geo d |
| 041 ## - ენის კოდი |
| Language code of text/sound track or separate title |
geo |
| 080 ## - უნივერსალური ათობითი კლასიფიკაციის ინდექსი |
| Universal Decimal Classification number |
342(479.22)(094.4) ს-32 |
| 245 ## - ცნობა სათაურის შესახებ |
| Title |
საქართველოს ადმინისტრაციულ სამართალდარღვევათა კოდექსი : |
| Statement of responsibility, etc |
გამოცემულია 2001 წლის 1დეკებრის მდგომარეობით N 1106-1ს ცვლილებების გათვალისწინებით. |
| 264 ## - წარმოების, გამოცემის, დისტრიბუციის და სხვა ცნობები |
| გამოცემის, წარმოების, დისტრიბუციის... ადგილი |
[თბილისი]: |
| გამოცემის, წარმოების, დისტრიბუციის... სახელწოდება |
ლ.დ., |
| გამოცემის, წარმოების, დისტრიბუციის... თარიღი |
[2001]. |
| 300 ## - ფიზიკური აღწერა |
| Extent |
215 გვ. ; |
| Other physical details |
20 სმ. |
| 501 ## - შენიშვნა თანმხლებ მასალაზე |
| With note |
ანბ.-საგნ. საძიებელი: გვ. 193-212. |
| 653 ## - INDEX TERM--UNCONTROLLED |
| Uncontrolled term |
საქართველოს ადმინისტრაციულ სამართალდარღვევათა კოდექსი. |
| 942 ## - ADDED ENTRY ELEMENTS (KOHA) |
| Source of classification or shelving scheme |
|
| Koha item type |
წიგნი |